Vista normal
Vista MARC
Entrada Topical Term
Número de registros utilizados en: 2
001 - CONTROL NUMBER
- control field: 39732
003 - CONTROL NUMBER IDENTIFIER
- control field: OSt
005 - DATE AND TIME OF LATEST TRANSACTION
- control field: 20230915232119.0
008 - FIXED-LENGTH DATA ELEMENTS
- fixed length control field: 230915|| aca||aabn | a|a d
040 ## - CATALOGING SOURCE
- Original cataloging agency: OSt
- Transcribing agency: OSt
150 ## - HEADING--TOPICAL TERM
- Topical term or geographic name entry element: CULTIVO DE COCA - PUTUMAYO (COLOMBIA) - 1991 - 2007
670 ## - SOURCE DATA FOUND
- Source citation: Work cat.: (OSt)23305: Torres Bustamante, María Clara 39731, Estado y coca en la frontera colombiana : , Cinep